000 00532ntaaa2200181 4500
003 01
005 20251027202340.0
008 0714s1973 ag 01
040 _aAR-BaBN
_bspa
_cAR-BaBN
_eaacr
_dRIC
082 _a297.0000 M27
100 _aMahoma
245 _aEl Corán
250 _a1 ed.
260 _aBuenos Aires :
_bEditorial Arabe,
_cc1945
300 _aTomo 1 de 3 tomos
500 _aTraducción directa del libro sagrado arabe musulmán, con un exordio que estudia y comenta el Corán, el Islam y a Mahoma
942 _cBK
999 _c18376
_d18376